| 000 | 02203cam a22004814i 4500 | ||
|---|---|---|---|
| 003 | PE-LiUPU | ||
| 005 | 20250731184528.0 | ||
| 008 | 150623s1971 flua r 000 0 eng d | ||
| 020 | _a0155027557 | ||
| 035 | _a(Sirsi) i9780155027558 | ||
| 040 |
_aPE-LiUPU _bspa _cPE-LiUPU _erda |
||
| 049 | _aPRUA | ||
| 082 | 0 | 4 |
_a939.4 _bH18 _221 |
| 100 | 1 |
_aHallo, William W., _eautor. |
|
| 245 | 1 | 4 |
_aThe ancient near east a history / _c[por] Hola William W. [y] William Kelly Simpson. Bajo la dirección general de John Morton Blum. |
| 264 | 1 |
_aOrlando, Florida : _bHarcourt Brace Jovanovich College Publishers, _c1971. |
|
| 300 |
_a319 páginas : _bilustraciones mapas, láms. ; _c23 centímetros |
||
| 336 |
_atext _2rdacontent |
||
| 337 |
_aunmediated _2rdamedia |
||
| 338 |
_avolume _2rdacarrier |
||
| 505 | 0 | _aMesopotamia and the asiatic near east: The near east to the end of the stone age -- The early bronze age -- The middle bronze age -- From the sack of Babylon to the sack of troy: the late bronze age -- The end of the ancient near east: the iron age -- Mesopotamian culture: a survey -- Egypt: The land and its prehistory -- The early dynastic period -- The pyramid age: the Old kingdom -- The development and disintegration of the middle kingdom -- The new kingdom -- The third intermediate period, the saite dynasty, the late period, and the conquest of Alexander. | |
| 526 | _aP136 | ||
| 526 | _aP135 | ||
| 526 | _aP134 | ||
| 526 | _aP133 | ||
| 526 | _aP144 | ||
| 526 | _aP143 | ||
| 526 | _aP87 | ||
| 526 | _aP35 | ||
| 526 | _aP20 | ||
| 526 | _aP14 | ||
| 526 | _aP10 | ||
| 526 | _aP06 | ||
| 651 | 4 |
_aMedio Oriente _xHistoria _yHasta 622. |
|
| 651 | 4 | _aMedio Oriente. | |
| 700 | 1 |
_aSimpson, William Kelly, _eautor. |
|
| 942 |
_2ddc _cBOOK |
||
| 949 |
_a939.4 H18 _wDEWEY _c1 _i44631 _lCCODEBUL1 _mBUL _r0 _sY _tBOOK _u2015-6-24 _xTEOLOGIA _PP35 _0COMPRA _o.STAFF. Colección Teología |
||
| 994 |
_aC0 _bPEPRU |
||
| 596 | _a1 | ||
| 999 |
_a939.4 H18 _wDEWEY _c21488 _i44631 _d21488 _f2021-11-11 _g5 _lCCODEBUL1 _mBUL _p20.00 _q1 _r0 _sY _tBOOK _u2015-6-24 _xTEOLOGIA _PP35 _0COMPRA _o.STAFF. Colección Teología |
||
| 980 |
_81 _gALBERTO SANCHEZ Responsable de Automatización |
||